[Event "RUS-Cup10"]
[Site "Tomsk"]
[Date "1997.07.22"]
[Round "2"]
[White "Dvoirys, Semen I"]
[Black "Voitsekhovsky, Stanislav"]
[Result "0-1"]
[WhiteElo "2615"]
[BlackElo "2480"]
[Annotator "Gershon,A"]
[PlyCount "115"]
[EventDate "1997.07.21"]
[EventType "swiss"]
[EventRounds "9"]
[EventCountry "RUS"]
[SourceTitle "EXT 2000"]
[Source "ChessBase"]
[SourceDate "1999.11.16"]
[SourceVersion "1"]
[SourceVersionDate "1999.11.16"]
[SourceQuality "1"]

1. e4 {Gutman,L} c5 2. Nf3 d6 3. d4 cxd4 4. Nxd4 Nf6 5. Nc3 a6 6. f4 e5 7. Nf3
Nbd7 8. a4 Be7 9. Bd3 O-O 10. O-O Nc5 11. Kh1 d5 12. Nxe5 Ncxe4 (12... Nfxe4
13. Bxe4 (13. Nxe4 Nxe4 14. Be3 Nc5 15. c3 b6 16. Bc2 Bf6 17. a5 $16 {1-0 Lau,
R-Seitz,M/Regensburg op 1996}) 13... dxe4 14. Be3 (14. Qe2 f6 15. Nc4 Be6 16.
f5 Bf7 17. Bf4 b5 18. axb5 axb5 19. Nxb5 Kh8 20. Rad1 Bxc4 21. Qxc4 Qb6 22. Nc7
Ra4 23. Qc3 Qb7 24. Nd5 $16 {1/2-1/2 David,A-Dvoirys,S/Cappelle op 1996 (36)})
14... f6 15. Bxc5 Bxc5 16. Nxe4 Qxd1 17. Raxd1 fxe5 18. Nxc5 Bg4 19. Rde1 exf4
$11 {1/2-1/2 Beliavsky,A-Portisch,L/Tilburg 1986/CBM 03 (34)}) 13. Be3 (13.
Bxe4 $6 dxe4 14. Qe2 Bf5 (14... Qd4 15. a5 Bd8 16. Be3 Qb4 17. Ra4 Qe7 $13) 15.
Be3 h5 16. h3 Qc8 17. Bf2 Qe6 18. Bh4 Rac8 19. g4 hxg4 20. hxg4 Bh7 21. Bg3 Bd6
22. Rad1 Bxe5 23. fxe5 Qxg4 24. exf6 Qxg3 25. Rf2 Rxc3 $1 26. bxc3 e3 $19 {
0-1 Polgar,S-Loginov,V/Budapest FS03 GM 1993 (37)}) 13... Bf5 14. Bd4 (14. Ne2
Nd6 15. a5 Bxd3 (15... Rc8 16. Nd4 Be4 17. Bg1 Qc7 18. c3 Rfe8 19. Bxe4 dxe4
20. h3 Bf8 21. Qb3 g6 22. Rfe1 Bg7 23. Ra4 Nh5 24. Bh2 Nxf4 25. Ng4 Nd3 $17 {
0-1 Tolnai,T-Loginov,V/Budapest FS05 GM 1993 (41)}) 16. cxd3 Nd7 17. Qa4 $6 (
17. Qb3 $1 Nb5 18. Nd4 Nxe5 19. fxe5 Nxd4 20. Bxd4 Qd7 21. Rf3 $36) 17... Nb5
$11 {0-1 Fogarasi,T-Beliavsky,A/Miskolc 1997 (41)}) 14... Rc8 (14... Nxc3 15.
Bxc3 Bxd3 16. Qxd3 Ne4 $132) 15. Ne2 $146 {[%cal Gd4g1,Ge2d4] /\ Bg1,Nd4. An
interesting idea but it has its drawbacks: 1.Weakens the e5 square 2.Takes two
tempis (Bg1,Nd4)- and meanwhile black takes the pawn on e5. Gutman: Eine neue,
aber keine gute Idee.} (15. Nxe4 Bxe4 16. c3 Bc5 17. Bxc5 Rxc5 18. Qe2 Qb6 (
18... Bxd3 19. Qxd3 Rc8 20. Rad1 Qb6 21. Qe2 Qe6 {1/2-1/2 Dvoirys,S-Vaulin,A/
Russian Cup 9th Leg, Novgorod RUS 1997 (34)} 22. Qc2 $14) 19. Rad1 Qb3 20. Bxe4
dxe4 21. Rd4 a5 22. g3 b5 23. axb5 Rxb5 24. Nc4 a4 25. Ra1 Rbb8 26. Qd1 Qb5 27.
Rxa4 Ng4 28. Kg1 Qh5 29. Qe2 $16 {1-0 Dvoirys,S-Loginov,V/ch-RUS, Elista 1996 
(34)}) 15... Re8 16. Bg1 $6 (16. b3 $5 Qc7 17. Bb2 Ng4 18. Nxg4 Bxg4 19. c4 $13
) (16. c3 $5 {Gutman,L Gutman: mit etwa gleichen Chancen.}) 16... Bd6 17. Nd4
$6 (17. Bd4 $11) (17. c3 $5 {Gutman,L war zu bevorzugen.}) 17... Bxe5 18. fxe5
(18. Nxf5 Bxb2 19. Rb1 Nc3 $19) 18... Bg4 19. Qe1 Rxe5 20. h3 {Gutman: [#]
Ergibt eine kritische Stellung. Hat Weiß ausreichende Kompensation für den
Bauern? Und wer hat überhaupt die Initiative?} Rh5 (20... Nh5 $142 $1 {[%cal
Ge4g3]} 21. Kh2 (21. Bxe4 Rxe4 22. Qf2 Rf4 $1 23. Qe3 Rxd4 24. Qxd4 Ng3+ 25.
Kh2 Nxf1+ (25... Qd6 {Gutman,L} 26. Rf6 $5 Qxf6 27. Qxf6 gxf6 28. Kxg3 {
überzeugt weniger}) 26. Rxf1 Be6 $17) 21... Qc7 $1 22. hxg4 Neg3 23. Qc3 (23.
Rxf7 Kxf7 24. Qf2+ Kg8 25. Kh3 Nh1 $19) (23. Bxh7+ Kxh7 24. Rxf7 Rxe1 25. Rxc7
Nf1+ 26. Kh3 Nf4+ 27. Kh4 Rxc7 28. Rxe1 Nxg2+ $19) 23... Qd8 24. Qxc8 $8 Nxf1+
25. Rxf1 Qxc8 26. gxh5 Rxh5+ 27. Kg3 Rg5+ 28. Kf2 Qg4 $18) 21. Bh2 Bd7 (21...
Qd7 $5 {Gutman,L Gutman: nebst 22. ...Bxh3 mußte die Partie schnell
entscheiden,} 22. c3 Bxh3 23. Bxe4 Nxe4 24. gxh3 Qxh3 {und Weiß sind hilflos.})
22. a5 Qf8 {[%cal Gf8c5]} 23. Be2 Rh6 24. c3 Re8 {[%cal Gd7h3] In addition to
the extra pawn black's pieces are almost perfectly placed so it is pretty
amazing that the game lasted for another 30 moves!} 25. Qc1 Qc5 $6 (25... Nh5
$142 26. Qe1 (26. Rf3 Rf6) 26... Qc5 $17) (25... Bxh3 $5 26. gxh3 Rxh3 27. Kg2
Rh6 28. Bf4 Rg6+ 29. Kh1 Qe7 $40 {[%cal Ge7d7,Gd7h3,Ge4g3]}) 26. Rf3 Rg6 {
Gutman: Schwarz behielt den Mehrbaurn,aber Weiß könnte ihre Stellung
konsolidieren.} 27. Qf4 Qe7 28. Qc7 Bc8 29. Qxe7 Rxe7 {By allowing white
exchange the queens black lost his attacking chances... but he still has an
extra pawn.} 30. Bd3 Nd7 $2 (30... h5 $142 {[%cal Gh5h4,Ge4g3]}) 31. Raf1 Ndf6
32. Rd1 h5 33. Rf4 Re8 34. Bg1 Rg5 35. Kh2 Rge5 $19 36. Rdf1 Nc5 37. Bc2 Re1
38. Rxe1 Rxe1 39. Bf2 Ra1 40. Nf5 Bxf5 41. Rxf5 Rxa5 {Gutman: Schwarz hat es
gelungen den zweiten Bauern zu gewinnen.} 42. c4 (42. Bd4 Ncd7 {Two (extra)
pawns are better than two bishops.}) 42... Ncd7 43. Bd4 b6 44. cxd5 Rxd5 45.
Rxd5 Nxd5 {The rest is pointless!} 46. Bd3 Nb4 47. Be2 g6 48. Kg3 Kf8 49. Bc3
a5 50. Kf3 Nd5 51. Be1 f5 52. Bb5 Nc5 53. Ke2 Ke7 54. Bf2 Kd6 55. Kd2 g5 56.
Be2 h4 57. g3 hxg3 58. Bxg3+ (58. Bxg3+ f4 59. Bf2 Ne4+) 0-1

[Event "Politiken Cup 17th"]
[Site "Copenhagen"]
[Date "1995.??.??"]
[Round "9"]
[White "Glek, Igor Vladimirovich"]
[Black "Lutz, Christopher"]
[Result "1/2-1/2"]
[WhiteElo "2600"]
[BlackElo "2560"]
[Annotator "Glek,I"]
[PlyCount "71"]
[EventDate "1995.06.??"]
[EventType "swiss"]
[EventRounds "10"]
[EventCountry "DEN"]
[SourceTitle "CBM 047 Extra"]
[Source "ChessBase"]
[SourceDate "1995.09.01"]
[SourceVersion "1"]
[SourceVersionDate "1995.09.01"]
[SourceQuality "1"]

1. e4 c5 2. Nf3 d6 3. d4 cxd4 4. Nxd4 Nf6 5. Nc3 a6 6. f4 e5 7. Nf3 Nbd7 8. a4
Be7 9. Bc4 O-O (9... Qa5 10. Qe2 O-O 11. O-O b5 12. Ba2 b4 $6 13. Nd5 Nxd5 14.
Bxd5 Bb7 {Glek,I-Kengis,E/Bad Gordesberg/1994/}) 10. Qe2 Qc7 11. O-O exf4 12.
Bxf4 Ne5 13. Nd5 $5 {N/} (13. Bb3 Be6 14. Kh1 {Hohfi,K-Nemet,I/Stip/1978/} Bc4
$5 $13) 13... Nxd5 14. Bxd5 Be6 15. Bxe6 (15. Bxe5 dxe5 16. Bxe6 Qb6+ $1 $17)
15... Nxf3+ 16. Qxf3 fxe6 17. Qb3 $1 Qd7 18. Rad1 Kh8 19. Bg3 (19. Rf3 $5)
19... Rxf1+ 20. Rxf1 Rf8 21. Rxf8+ Bxf8 22. h3 Kg8 23. Kh2 b5 $2 (23... d5 $10)
24. axb5 axb5 25. c4 $1 $16 bxc4 26. Qxc4 d5 27. Qc7 $1 Qb5 28. Qb8 Qc5 (28...
Qc6 29. b4 $18) 29. Qe8 Qb6 30. e5 d4 31. Bf2 (31. Bh4 d3 32. Be7 Qf2 $1 $10)
31... h6 32. h4 $2 (32. Bg1 $32 Qxb2 $8 33. Qxe6+ Kh8 (33... Kh7 34. Qd5 $16)
34. Qc8 Qb4 35. Qd8 $1 $16) 32... Qxb2 33. Qxe6+ Kh8 34. Qf7 Ba3 $132 35. h5 d3
36. Qe8+ 1/2-1/2

[Event "RUS-Cup9"]
[Site "Novgorod"]
[Date "1997.??.??"]
[Round "6"]
[White "Dvoirys, Semen I"]
[Black "Vaulin, Alexander"]
[Result "1/2-1/2"]
[WhiteElo "2590"]
[BlackElo "2490"]
[Annotator "Gutman,L"]
[PlyCount "68"]
[EventDate "1997.06.11"]
[EventType "swiss"]
[EventRounds "9"]
[EventCountry "RUS"]
[SourceTitle "CBM 060"]
[Source "ChessBase"]
[SourceDate "1997.09.29"]
[SourceVersion "1"]
[SourceVersionDate "1997.09.29"]
[SourceQuality "1"]

1. e4 c5 2. Nf3 d6 3. d4 cxd4 4. Nxd4 Nf6 5. Nc3 a6 6. f4 e5 7. Nf3 Nbd7 8. a4
Be7 9. Bd3 O-O 10. O-O Nc5 11. Kh1 d5 12. Nxe5 Ncxe4 13. Be3 Bf5 14. Bd4 Rc8 (
14... Nxc3 15. bxc3 $5 (15. Bxc3 Bxd3 16. Qxd3 Ne4 {,A.Beliavsky}) 15... Ne4 (
15... Bxd3 16. cxd3) 16. Qh5) 15. Nxe4 Bxe4 16. c3 (16. Bxe4 dxe4 17. c3 Bc5
18. Qe2 Qc7 19. Rad1 Rfd8 20. Bxc5 Qxc5 21. g3 h6 {Schwarz steht zumindest
nicht schlechter.} 22. Kg2 $6 Nd5 23. Rd4 Qxd4 24. cxd4 Rc2 25. Qxc2 Ne3+ 26.
Kf2 Nxc2 27. Rc1 Nxd4 28. Rc7 f6 29. Ng6 {,Dvoiris-Voitsekhovsky,Novgorod 1997}
Kh7 $5 30. Ne7 b5 {mit schwarzen Vorteil}) 16... Bc5 17. Bxc5 Rxc5 18. Qe2 Bxd3
$5 (18... Qb6 19. Rad1 Qb3 20. Bxe4 dxe4 21. Rd4 {,Dvoiris-Loginov,Elista 1996}
) 19. Qxd3 Rc8 20. Rad1 Qb6 21. Qe2 Qe6 22. g3 Rc4 23. Qc2 Re4 24. Rfe1 Re8 25.
Kg2 h5 {mit etwa gleichen Chancen.} 26. Rxe4 dxe4 27. Qe2 Ng4 28. Rd4 Nxe5 29.
Rxe4 Qd5 30. Kf1 f5 31. Rxe5 Qh1+ 32. Kf2 Qxh2+ 33. Kf3 Qh1+ 34. Kf2 Qh2+
1/2-1/2

[Event "Tilburg Fontys"]
[Site "Tilburg"]
[Date "1996.10.22"]
[Round "10"]
[White "Leko, Peter"]
[Black "Sutovsky, Emil"]
[Result "1/2-1/2"]
[WhiteElo "2630"]
[BlackElo "2565"]
[Annotator "Gutman,L"]
[PlyCount "65"]
[EventDate "1996.10.11"]
[EventType "tourn"]
[EventRounds "11"]
[EventCountry "NED"]
[EventCategory "16"]
[SourceTitle "CBM 056"]
[Source "ChessBase"]
[SourceDate "1997.02.01"]
[SourceVersion "1"]
[SourceVersionDate "1997.02.01"]
[SourceQuality "1"]

1. e4 c5 2. Nf3 d6 3. d4 cxd4 4. Nxd4 Nf6 5. Nc3 a6 6. f4 e5 7. Nf3 Nbd7 8. a4
Be7 9. Bc4 Qa5 10. Qe2 exf4 11. Bxf4 O-O 12. O-O Ne5 13. Nd5 {Eine Spezialität
von P. Leko.} (13. Bb3 Nxf3+ 14. Qxf3 Be6 15. Kh1 Bxb3 16. cxb3 Rae8 17. Rad1
Qb6 18. Nd5 {Ehlvest - Gelfand ,Cap D' Agde Fra,1996 mit Remis.}) 13... Nxd5
14. Bxd5 Qb6+ (14... Nxf3+ 15. Qxf3 Be6 16. Bxe6 (16. Bb3 Qc5+ (16... Bf6 17.
Bxe6 fxe6 18. Qb3) 17. Kh1 {Und Weiß hat etwas mehr vom Spiel.}) 16... fxe6 17.
Qb3 Qc5+ 18. Kh1 Qc8 {, Leko - Gelfand,Wijk aan See 1996, Remis.}) 15. Kh1 Nxf3
16. Qxf3 Be6 17. Bxe6 (17. c4 $142 $1 Bxd5 18. exd5 Bf6 19. Rab1 Rfe8 20. b3
Re7 21. Rbe1 {mit besseren Aussichten für Weiß.}) 17... fxe6 18. Qh3 (18. Qg4
Rf6 19. e5 {beantwortet Schwarz mit} Rg6) 18... Rf6 19. e5 dxe5 20. Bxe5 Rxf1+
21. Rxf1 Rf8 22. Rxf8+ Bxf8 23. b3 Qc6 24. Qc3 Qd5 (24... Qxc3 25. Bxc3 Bd6 26.
g4 e5 27. Kg2 e4 {führt zu schönem Ausgleich.}) 25. h3 Kf7 26. Qc7+ Kg6 27. Kh2
h5 28. c4 Qe4 29. b4 h4 30. b5 Kf5 31. Bxg7 Bxg7 32. Qxg7 Qf4+ 33. Kh1 1/2-1/2

[Event "New York op"]
[Site "New York"]
[Date "1998.03.16"]
[Round "2"]
[White "David, Alberto"]
[Black "Georgiev, Kiril"]
[Result "0-1"]
[WhiteElo "2525"]
[BlackElo "2675"]
[Annotator "Gutman,L"]
[PlyCount "48"]
[EventDate "1998.03.16"]
[EventType "swiss"]
[EventRounds "9"]
[EventCountry "USA"]
[SourceTitle "CBM 064"]
[Source "ChessBase"]
[SourceDate "1998.06.02"]
[SourceVersion "1"]
[SourceVersionDate "1998.06.02"]
[SourceQuality "1"]

1. e4 c5 2. Nf3 d6 3. d4 cxd4 4. Nxd4 Nf6 5. Nc3 a6 6. f4 Nbd7 7. Be2 g6 8. g4
$5 {[#]} h6 $5 ({Alternativen sind: I)} 8... Nc5 9. Nb3 Nxb3 10. axb3 Bg7 11.
Bf3 $5 {mit besseren Spiel für Weiß,J.Nunn} (11. Be3 O-O 12. O-O b6 13. Bf3 Rb8
14. Qe2 b5 15. Rad1 Nd7 16. Rd2 b4 17. Na4 Qa5 18. Rfd1 Qb5 19. Qg2 Bb7 20. e5
{mit weißem Vorteil,Klowan-Tal, UdSSR Meisterschaft 1969}) 11... O-O 12. Qe2 {
mit besserem Spiel für Weiß,Nunn/Gallagher,Beating the Sizilian3";}) ({II)} 
8... e5 $5 {, von Nunn/Gallagher nicht erwänht,verdient großere Aufmerksemkeit:
} 9. Nb3 (9. g5 exd4 10. Qxd4 Bg7 (10... Rg8 $6 11. gxf6 Qxf6 12. Be3 Qh4+ $6
13. Bf2 Qxf4 14. Nd5 {und Schwarz gab auf,Martin-Britton,Sheffield 1996}) 11.
gxf6 Nxf6 12. Be3 O-O {mit ausreichenden Gegenspiel,Gutman}) 9... b5 10. g5 b4
11. Nd5 (11. Na4 Bb7 $5 12. gxf6 Bc6 13. Bc4 Nxf6 {,Gutman}) 11... Nxd5 12.
Qxd5 Nb6 13. Qd3 Be7 14. h4 a5 {mit etwa gleichen Chancen,Klowan-Kirillov,Riga
1969.}) 9. f5 {Eine riskante Entsheidung-das "Traumfeld" auf e5 dem schwarzem
Springer zu überlassen.} Ne5 $5 (9... Nc5 $6 10. Bf3 e5 11. Nb3 gxf5 12. exf5
e4 13. Be2 $5 (13. Bg2 Nxb3 14. axb3 Rg8 15. h3 Bxf5 16. Qd4 Be6 17. Bf4 d5 18.
O-O-O Rc8 {könnte Schwarz zufriedent stellen,Beljawski-Ljubojevic,Bugojno 1984}
) 13... Nxb3 14. axb3 d5 15. Be3 {mit besseren Aussichten für Weiß.}) 10. Be3
$5 (10. g5 hxg5 11. Bxg5 Bg7 12. fxg6 fxg6 13. Qd2 b5 14. a3 $6 Rb8 15. O-O-O
b4 16. axb4 Rxb4 17. Nb3 Be6 18. Nd5 Rxb3 19. cxb3 Nxe4 {und Schwarz gewann
schnell,Doggers-van den Doel,Groningen 1996.}) 10... Bd7 (10... Bg7 $5 11. h3
O-O {kommt in Frage.}) 11. h3 b5 12. O-O e6 13. a3 Rc8 14. Nf3 $6 (14. fxe6 $5
fxe6 15. Nf3 {mit besseren Aussichten für Weiß.}) 14... gxf5 15. exf5 exf5 16.
Bd4 fxg4 17. Nxe5 dxe5 18. Bxe5 {[#] diese Stellung strebte Weiß an ...} Qb6+
19. Kh2 Qe6 $1 20. Bg3 Be7 21. Rxf6 Qxf6 22. Nd5 Qxb2 23. c3 Be6 24. Nxe7 Rd8 {
Weiß gab auf.} 0-1

[Event "Tilburg Fontys"]
[Site "Tilburg"]
[Date "1996.10.22"]
[Round "10"]
[White "Polgar, Judit"]
[Black "Van Wely, Loek"]
[Result "1/2-1/2"]
[WhiteElo "2665"]
[BlackElo "2605"]
[Annotator "Gutman,L"]
[PlyCount "77"]
[EventDate "1996.10.11"]
[EventType "tourn"]
[EventRounds "11"]
[EventCountry "NED"]
[EventCategory "16"]
[SourceTitle "CBM 056"]
[Source "ChessBase"]
[SourceDate "1997.02.01"]
[SourceVersion "1"]
[SourceVersionDate "1997.02.01"]
[SourceQuality "1"]

1. e4 c5 2. Nf3 d6 3. d4 cxd4 4. Nxd4 Nf6 5. Nc3 a6 6. f4 Qc7 7. Bd3 g6 8. O-O
Bg7 9. Nf3 Nbd7 10. a4 b6 11. Qe2 {Ein "moderner" Plan. Früher wählte Weiß
meistens die Fortsetzung 11.Qe1 nebst Qh4.} Bb7 12. Bd2 {.} (12. e5 dxe5 13.
fxe5 Nd5 14. e6 fxe6 15. Ng5 Nxc3 16. bxc3 Nc5 17. Nxe6 Nxe6 18. Qxe6 Qc6 19.
Qh3 Bxc3 {Ehlvest-Van Wely,Cap D'Agde FRA 1996 führt kaum zu Problemen.}) 12...
O-O {Sofortiges 12. ...Nc5 13.b4 Nxd3 14.cxd3 O-O ist weniger sinvoll wegen 15.
Rfc1!? (15. Rac1 Qd8 ,stellte keine Probleme ) 15. ...Qd8 16.b5!? a5 17.Nd1
mit weißen Druckspiel am Damenflügel.} (12... Nc5 13. b4 Nxd3 14. cxd3 O-O 15.
Rfc1 $5 (15. Rac1 Qd8 {,Mortensen- Djurhuus,Reykiavik zt 1995}) 15... Qd8 16.
b5 $5 a5 17. Nd1 {verschafft Weiß Druckspiel am Damenflügel.}) 13. Rae1 e6 14.
Kh1 Nc5 15. b4 Nxd3 16. cxd3 Rac8 17. Rc1 Qe7 (17... Qb8 $6 {erlaubt Weiß am
Königsflügel aktiv zu werden.} 18. Qf2 Nd7 19. Qh4 Rce8 20. f5 Qd8 {Orlov
-Nepomnishay,St. Petersburg-ch 1996,} 21. Bg5 $1 Bf6 22. e5 $1 dxe5 23. Ne4
Bxe4 24. dxe4 exf5 25. Rfd1 $1) 18. e5 (18. b5 $142 $5 a5 (18... axb5 19. Nxb5)
19. e5 dxe5 20. fxe5 Nd5 21. Ne4) 18... dxe5 19. fxe5 Nd5 20. Ne4 h6 ({Nach} 
20... Rxc1 21. Rxc1 Nxb4 {ist es schwer, die weiße Kompensation für den
geopferten Bauern zu erkennen.}) 21. Rc4 b5 {führt zu Ausgleich.} (21... Rxc4
22. dxc4 Nxb4 23. Nf6+ Kh8 24. Qe1 Nd3 25. Qh4 h5 {ließe die aggressiven
Bestrebungen von Weiß fraglich erscheinen.}) 22. axb5 axb5 23. Rxc8 Rxc8 24.
Nd6 Rf8 25. d4 Bc6 26. Qe1 Nb6 (26... Kh7 27. Qc1 Qd7 {mit etwa gleichen
Chancen.}) 27. Qc1 Nc4 28. Nxc4 bxc4 29. Qxc4 Qb7 30. Qc3 Ra8 {Nun muß Schwarz
nach Kompensation für den fehlenden Bauern suchen.} 31. h3 (31. Rc1 $142 Bd5
32. Ne1) 31... Bf8 32. Kg1 Ra2 33. Rf2 Qb5 34. Be1 Ra4 35. Qc1 Bxb4 36. Bxb4
Rxb4 37. Qxh6 Bxf3 38. Rxf3 Qd5 39. Qf4 1/2-1/2

[Event "GER-ch 69th"]
[Site "Gladenbach"]
[Date "1997.11.23"]
[Round "7"]
[White "Wahls, Matthias"]
[Black "Gutman, Lev"]
[Result "1/2-1/2"]
[WhiteElo "2595"]
[BlackElo "2475"]
[Annotator "Gutman,L"]
[PlyCount "83"]
[EventDate "1997.11.17"]
[EventType "swiss"]
[EventRounds "9"]
[EventCountry "GER"]
[SourceTitle "CBM 061 Extra"]
[Source "ChessBase"]
[SourceDate "1998.03.09"]
[SourceVersion "1"]
[SourceVersionDate "1998.03.09"]
[SourceQuality "1"]

1. e4 c5 2. Nf3 d6 3. d4 cxd4 4. Nxd4 Nf6 5. Nc3 a6 6. f4 Qc7 7. Qf3 g6 8. Be3
Bg7 $5 (8... b5 9. Bd3 Bb7 10. g4 (10. a3 Bg7 11. O-O Nbd7 12. Kh1 O-O {
sstellte keine Probleme für Schwarz,Rapidpartie Stefansson-Kasparow,Reykjavik
1995}) 10... b4 11. Nce2 Bg7 {und nun:} 12. g5 $5 (12. O-O-O Nbd7 13. Ng3 (13.
g5 Nh5 {,Onitschuk-van Wely,Groningen 1996}) 13... Nc5 14. Kb1 Nfd7 15. Nb3 Rc8
{mit ausreichenden Gegenspiel,Leko-van Wely,Tilburg 1997}) 12... Nh5 13. a3 $5
{sieht sinvoller aus,13. ...} e5 14. fxe5 dxe5 15. Nb3 bxa3 16. Rxa3 O-O 17.
Na5 {mit besseren Aussichten für Weiß,Gutman.}) 9. h3 Nc6 $5 ({Als
unbefriedigent haben sich erwiesen: I)} 9... e5 10. fxe5 dxe5 11. Bh6 Bxh6 12.
Qxf6 O-O 13. Nd5 Qa5+ 14. b4 {mit weißem Vorteil,Iwantschuk-Kasparow,Amsterdam
1994;}) ({II)} 9... b5 10. e5 dxe5 11. fxe5 $1 Bb7 (11... Qxe5 12. O-O-O Ra7
13. Bf4) 12. exf6 Bxf3 13. fxg7 Qg3+ 14. Bf2 Qe5+ 15. Be2 {mit besseren Spiel
dfür Weiß,Vera;}) ({III)} 9... O-O 10. O-O-O e5 (10... b5 11. Bd3 Bb7 12. g4 e5
13. fxe5 dxe5 14. Nb3 b4 15. Na4 {,Fogarasi-Rodriguez Lopez,Budapest 1998}) 11.
fxe5 dxe5 12. Nb3 {nebst 13.g4,und weißen Aussichten sind zu bevorzugen,W.
Iwantschuk.}) 10. O-O-O Bd7 $5 (10... O-O 11. g4 Bd7 (11... e6 12. g5 Nd7 13.
h4 b5 14. h5 b4 15. hxg6 hxg6 16. Nce2 Bxd4 17. Nxd4 e5 18. f5 {
,Korneev-Dubinski,Moskau 1995}) 12. g5 Nh5 13. Nd5 Qd8 14. Nf5 gxf5 $5 (14...
Bxf5 15. exf5 Rc8 16. Bb6 Qd7 17. h4 {mit weißem Vorteil,
Kindermann-Landerbergue,Ptuj Zonenturnier 1995}) 15. Bb6 Qc8 16. Qxh5 fxe4 17.
Bc4 Bf5 18. Qh4 {mit weißer Initiative für den Bauern.}) 11. g4 Rc8 {[#]} 12.
Kb1 (12. g5 Nh5 13. Nd5 Qa5 14. a3 Nxd4 15. Bxd4 Bxd4 16. Rxd4 Qe1+ 17. Rd1 Qg3
18. Bg2 Bc6 {bringt Wei0Я nicht ein.}) 12... h6 $5 13. Be2 (13. g5 hxg5 14.
fxg5 Nh5 15. Nd5 Qd8 16. Nxc6 Rxc6 17. Bd3 Be5 18. Rhf1 Rh7 {mit ausreichender
Gegenspiel.}) 13... g5 $5 (13... O-O $6 14. g5 hxg5 15. fxg5 Ne5 16. Qg3 Ne8
17. Nd5 {mit weißen Druckspiel.}) 14. Nf5 $5 (14. fxg5 hxg5 15. Bxg5 Nxd4 16.
Rxd4 Bc6 {mit schwarzer Initiative.}) 14... Bxf5 15. exf5 gxf4 16. Qxf4 (16.
Bxf4 Ne5 17. Bxe5 dxe5 18. Rd2 e4 $5 (18... O-O 19. Ne4 Nxe4 20. Qxe4 Rfd8 21.
Rhd1 Rd4 22. Rxd4 exd4 23. Bd3) 19. Nxe4 Nxe4 20. Qxe4 Bxb2 21. Qa4+ b5 22.
Qxa6 O-O 23. Qxh6 Bg7 24. Qe3 Qa5 {und der schwarfeldriger Läufer verspricht
ausreichende Kompensation.}) 16... b5 (16... Ne5 17. Qa4+) 17. Rd2 Qa5 $6 (
17... Ne5 18. Bd4 b4 19. Bxe5 dxe5 20. Qxb4 O-O {nebst e5-e4 mit schwarzer
Initiative.}) 18. Rhd1 Ne5 (18... Nb4 $6 19. a3 Nc6 20. Nd5 Nxd5 21. Rxd5 {
mit weißem Vorteil.}) 19. Nd5 Nc4 $6 (19... Nxd5 $5 20. Rxd5 Nc6 (20... Nd7 21.
R5d2 Be5 22. Qe4 Qc7 23. Bf3 Kf8 24. Qb7) 21. Bd2 Qc7 22. Qe4 Be5 {mit
besseren Aussichten für Weiß.}) 20. Bxc4 $6 (20. Nxe7 $1 Qb4 (20... Kxe7 21.
Bxc4) 21. Bxc4 Nd5 (21... Rxc4 22. Bd4 Kxe7 23. c3) 22. Rd4 $1 {,diese
Möglihkeit haben wir beiden übersehen,22. ...} Nxf4 23. Bxf7+ Kxf7 24. Rxb4 {
mit weißem Vorteil.}) 20... Rxc4 21. Qf3 $6 (21. Nxf6+ $5 {war zu bevorzugen,
21. ...} Bxf6 22. Bd4 Kd7 23. Qf2 Bxd4 24. Rxd4 Rhc8 25. Rxc4 bxc4 {mit etwa
gleichen Chancen.}) 21... Nxd5 22. Rxd5 (22. Qxd5 Bxb2 23. Rd3 (23. Qa8+ Kd7
24. Qb7+ Rc7 25. Qd5 Qb4) 23... Bc3 $5 24. Qa8+ Kd7 25. Qb7+ Rc7 26. Qd5 Qb4+
27. Qb3 Qc4 {mit schwarzem Vorteil.}) 22... O-O $2 (22... Bxb2 $1 {war gefragt,
} 23. R5d3 Bc3 24. Qa8+ Kd7 25. Qb7+ Rc7 26. Qd5 Qb4+ {mit Übergang zu voriger
Variante.}) 23. Bd4 Bxd4 24. R5xd4 Rfc8 $6 (24... Rxd4 25. Rxd4 Qe1+ 26. Rd1
Qe5 {mit ausreichende Gegenspiel.}) 25. f6 $1 Rxd4 26. Rxd4 Qc7 (26... exf6 27.
Rxd6 Re8 28. Rd1) 27. c3 Re8 {Schwarz sind im Zeitnot.} 28. g5 (28. Qe3 $5 Qc5
29. Qxh6 exf6 30. Qxf6 Re1+ 31. Kc2 Re6 32. Qf4) 28... hxg5 29. Qe3 Qc5 30.
fxe7 Qf5+ 31. Kc1 d5 $2 (31... Qf6 $1 32. Rg4 Rxe7 33. Qxg5+ Qxg5+ 34. Rxg5+
Kh7 {mit Ausgleich.}) 32. h4 f6 33. hxg5 fxg5 34. Rd2 b4 35. Rf2 Qg4 36. Rf1
bxc3 37. bxc3 d4 38. Qd3 $6 (38. Qe5 $1 {entscheidet.}) 38... Qe6 39. Qxd4 $6 (
39. Rg1 Rxe7 40. Rxg5+ Kf8 41. Qf5+ Ke8 42. Qxe6 Rxe6 43. cxd4 {ist kaum zu
gewinnen.}) 39... Rxe7 40. Qd8+ Kg7 41. Qd4+ Qe5 42. Kd2 1/2-1/2

[Event "Hamburg HSK"]
[Site "Hamburg"]
[Date "1996.??.??"]
[Round "9"]
[White "Wahls, Matthias"]
[Black "Heinemann, Thies"]
[Result "1/2-1/2"]
[WhiteElo "2540"]
[BlackElo "2420"]
[Annotator "Gutman,L"]
[PlyCount "65"]
[EventDate "1996.10.03"]
[EventType "tourn"]
[EventRounds "9"]
[EventCountry "GER"]
[EventCategory "9"]
[SourceTitle "CBM 056"]
[Source "ChessBase"]
[SourceDate "1997.02.01"]
[SourceVersion "1"]
[SourceVersionDate "1997.02.01"]
[SourceQuality "1"]

1. e4 c5 2. Nf3 d6 3. d4 cxd4 4. Nxd4 Nf6 5. Nc3 a6 6. f4 e5 7. Nf3 Nbd7 8. a4
Be7 9. Bd3 O-O 10. O-O exf4 11. Bxf4 Nc5 12. Kh1 Bd7 13. Qe2 Rc8 14. Bc4 Be6 ({
Nach} 14... Ne6 15. Bd2 Ng4 {(Dvoiris- Schneider,Leningrad 1990) erhält Weiß
besseres Spiel:} 16. Nd5 b5 (16... Ne5 17. Ba5 Qe8 18. Nxe5 dxe5 19. c3) 17.
axb5 Rxc4 18. Qxc4 Bxb5 19. Qa2 Bxf1 20. Rxf1) 15. Bxe6 Nxe6 16. Bg3 Nh5 17.
Bf2 Bf6 18. Nd5 Nhf4 19. Nxf4 Nxf4 20. Qd2 Ng6 21. c3 Re8 {Die Chancen sind
ungefähr gleich verteilt.} 22. Rfe1 Re7 23. Rad1 Qe8 24. Qc2 Rc4 25. Nd2 Rc8
26. Nf1 Qc6 27. Ng3 Rce8 28. a5 Re6 29. Kg1 Ne5 30. h3 g6 31. Rd5 Nd7 32. Red1
Be5 33. Qb3 1/2-1/2